01248 a2200217 4500003000500000005001700005010001600022020001700038040000900055082001200064100003200076245009900108260004400207300002100251505056100272650001900833650002700852942001200879999001900891952012000910Nust20221013113545.0 a 79016404 a0312882270 : cNust00a574,MOR1 aMorowitz, Harold J.910010114aThe wine of life, and other essays on societies, energy & living things /cHarold J. Morowitz. aNew York :bSt. Martin's Press,cc1979. a265 p. ;c22 cm. aPart-1: The Six Million Dollar Man – Science and Humanism (Page-3), Part-2: Christ Clausius and Corrosion –Some Thermal Under thoughts (Page-43), Part- 3: Bulls Bears and Bacteria Looking at Flora and Fauna (Page-73), Part-4: Zen and the Art of Getting into Medical School Comments on Education Research and Medicine (Page-115), Part-5: The Crazy Hairy Naked Ape Reflections on Social Animals (Page-155), Part-6: The Wine of Life Poring Over Ideas (Page-195), Part-7: Drinking Hemlock and Other Nutritional Matters Thoughts on what we Know (Page-231).  0aBiology.91785 0aSocial history.933505 2ddccBK c188511d188511 00102ddc4070aMCSbMCScGENd2016-12-12o574,MORpMCS5012r2016-12-08w2016-12-12yBKzAlmirah No.25, Shelf No.6